000 00880nas a2200241Ia 4500
001 dg117-52584
003 IT-MiCISF
005 20260129114530.0
008 161014c99999999xx |||||||||||| ||und||
040 _aIT-MiCISF
_cIT-MiCISF
041 _ait
100 _aLacagnanina Lino (et al.)
_963265
245 0 _aCosì fan pochi. Perchè per i giovani d'oggi il volontariato è un lusso (necessario)
250 _a"Vdossier", n. 1
260 _c2012
300 _app. 4-137
500 _a volontariato, giovani, società, valori, educazione, solidarietà
650 _aVolontariato
_956093
654 _arivista
700 _aMarcolin E., Mantineo A., Salvini A., Kazepov Y., Marzana D., Patriarca E.,
_aRosetto Ajello A., Lizzola I., Mancini R., Achini M., Cannonieri S.,
_aMorreale M., Giorgini C., Rizzo S., Olivieri M.
_963266
942 _cCR
_2ddc
999 _c218598
_d218598
999 _bSi